[Event "2. Bundesliga West 2019/20"]
[Site "Festsaal Marktplatz 3, 5620 Schwarzach"]
[Date "2020.01.17"]
[Round "6"]
[Board "3"]
[White "Goldbeck, Lars"]
[Black "Novkovic, Julia"]
[Result "0-1"]
[WhiteElo "2203"]
[BlackElo "2146"]
[PlyCount "72"]
[EventDate "2019.10.04"]
[EventType "team"]
[EventRounds "11"]
[EventCountry "AUT"]
[WhiteTeam "Royal Salzburg"]
[BlackTeam "Hohenems II"]

1. d4 g6 2. e4 Bg7 3. Nc3 d6 4. Bc4 Nf6 5. Qe2 e5 6. dxe5 dxe5 7. Nf3 Qe7 8.
Bg5 c6 9. O-O h6 10. Bh4 Nbd7 11. a4 a5 12. Bg3 Nh5 13. Rad1 g5 14. Qd2 Nf4 15.
h4 Bf6 16. Rfe1 Nh5 17. hxg5 hxg5 18. Ne2 g4 19. Nh2 Nf8 20. Nf1 Ng6 21. Ne3
Bg5 22. Qc3 Nxg3 23. Nxg3 Bxe3 24. Qxe3 Qh4 25. Qc5 Be6 26. Bxe6 fxe6 27. Rd6
Nf4 28. Rxe6+ Nxe6 29. Qxe5 Rh6 30. Kf1 Qf6 31. Qf5 Kf7 32. Qxg4 Rg8 33. Qd1
Rxg3 34. Qd7+ Kg8 35. Qe8+ Kh7 36. Qd7+ Rg7  0-1

[Event "2. Bundesliga West 2019/20"]
[Site "Festsaal Marktplatz 3, 5620 Schwarzach"]
[Date "2020.01.17"]
[Round "6"]
[Board "4"]
[White "Lins, Philipp"]
[Black "Leeb, Simon"]
[Result "0-1"]
[WhiteElo "2130"]
[BlackElo "2203"]
[PlyCount "190"]
[EventDate "2019.10.04"]
[EventType "team"]
[EventRounds "11"]
[EventCountry "AUT"]
[WhiteTeam "Hohenems II"]
[BlackTeam "Royal Salzburg"]

1. Nf3 d5 2. d4 Nf6 3. c4 c6 4. cxd5 Nxd5 5. e4 Nb6 6. h3 g6 7. Be2 Bg7 8. O-O
N8d7 9. Nc3 O-O 10. Re1 e5 11. Be3 Qe7 12. Qd3 Re8 13. Bg5 Qd6 14. dxe5 Nxe5
15. Rad1 Nxf3+ 16. Bxf3 Qe5 17. Bh4 Be6 18. Qc2 Qc5 19. Rc1 Be5 20. Qb1 Qf8 21.
b3 Qh6 22. Bg3 Bxg3 23. fxg3 Rad8 24. Rcd1 Nd7 25. Qd3 Qg5 26. Ne2 Qa5 27. Qc2
Ne5 28. Nf4 h5 29. Kh2 h4 30. Nxe6 hxg3+ 31. Kxg3 Rxe6 32. Be2 Rxd1 33. Rxd1
Qc7 34. Kf2 Rd6 35. Kg1 Qb6+ 36. Kh1 Rxd1+ 37. Qxd1 Qe3 38. Bf3 Nd3 39. Kh2 c5
40. Qa1 Qf4+ 41. Kg1 Qc1+ 42. Qxc1 Nxc1 43. Kf2 Nxa2 44. Ke3 Nb4 45. e5 b5 46.
Ke4 a5 47. Bd1 Kg7 48. h4 Na2 49. Kd3 f5 50. exf6+ Kxf6 51. g4 Ke5 52. h5 gxh5
53. gxh5 Nb4+ 54. Kd2 Nd5 55. Be2 b4 56. Bd3 Nb6 57. h6 Kf6 58. Bc2 Kf7 59. Be4
Kf6 60. Kd3 Kf7 61. Bf5 Kf6 62. Be4 Nc8 63. h7 Kg7 64. Kd2 Nd6 65. Bg6 Nb5 66.
Kd3 Nd6 67. Kd2 Nc8 68. Kd3 Nb6 69. Be4 Kh8 70. Bf5 Nd5 71. Be4 Nb6 72. Bf5 Kg7
73. Be4 Nc8 74. Kd2 Nd6 75. Bg6 c4 76. bxc4 Nxc4+ 77. Kc2 a4 78. Bd3 Ne3+ 79.
Kb2 Nd5 80. Be4 a3+ 81. Ka1 Nc3 82. Bc2 Kh8 83. Bb3 Kxh7 84. Bc2+ Kg7 85. Bb3
Kf6 86. Bc2 Ke5 87. Bb3 Kd4 88. Bc2 Nd5 89. Ka2 Kc3 90. Bb3 Ne3 91. Ba4 Nc4 92.
Bb3 Ne5 93. Ba4 Nd3 94. Bd1 Nc1+ 95. Kb1 b3  0-1

[Event "2. Bundesliga West 2019/20"]
[Site "Festsaal Marktplatz 3, 5620 Schwarzach"]
[Date "2020.01.17"]
[Round "6"]
[Board "5"]
[White "Mueller, Philipp"]
[Black "Heinrici, Simon"]
[Result "1/2-1/2"]
[WhiteElo "2135"]
[BlackElo "2131"]
[PlyCount "107"]
[EventDate "2019.10.04"]
[EventType "team"]
[EventRounds "11"]
[EventCountry "AUT"]
[WhiteTeam "Royal Salzburg"]
[BlackTeam "Hohenems II"]

1. d4 d5 2. Bf4 Nf6 3. e3 e6 4. Nf3 Bd6 5. Bg3 Ne4 6. Nbd2 f5 7. Nxe4 fxe4 8.
Ne5 O-O 9. Be2 Nd7 10. Nxd7 Qxd7 11. O-O Bxg3 12. fxg3 Rxf1+ 13. Qxf1 Qf7 14.
Qf4 Qxf4 15. gxf4 Kf7 16. c4 Bd7 17. Rc1 Rc8 18. b4 c6 19. a4 a6 20. c5 Ra8 21.
Rb1 Ke7 22. Kf2 Kd8 23. g4 Kc7 24. Ke1 Rf8 25. Kd2 Rf6 26. g5 Rf8 27. Rg1 Be8
28. Bg4 Bd7 29. Rg3 Rg8 30. Rh3 Rh8 31. Ke1 Kd8 32. Rh5 Be8 33. Rh4 Bd7 34. Bh5
Be8 35. Be2 Bd7 36. Rh5 Ke7 37. Kd2 Kd8 38. Kc3 h6 39. Rh4 Be8 40. Rh3 h5 41.
Rg3 g6 42. Rg1 Kc7 43. b5 a5 44. Rb1 Bd7 45. bxc6 Bxc6 46. Rb6 Re8 47. Bb5 Ra8
48. Kb3 Rf8 49. Kc3 Re8 50. Kd2 Rf8 51. Ke1 Re8 52. Kf2 Rf8 53. Kg3 Re8 54. Kf2
 1/2-1/2

[Event "2. Bundesliga West 2019/20"]
[Site "Festsaal Marktplatz 3, 5620 Schwarzach"]
[Date "2020.01.17"]
[Round "6"]
[Board "6"]
[White "Kienboeck, Benjamin"]
[Black "Wieneroiter, Gerald"]
[Result "1/2-1/2"]
[WhiteElo "1968"]
[BlackElo "2147"]
[PlyCount "111"]
[EventDate "2019.10.04"]
[EventType "team"]
[EventRounds "11"]
[EventCountry "AUT"]
[WhiteTeam "Hohenems II"]
[BlackTeam "Royal Salzburg"]

1. e4 c6 2. d4 d5 3. Nc3 a6 4. Bf4 g6 5. Be5 Nf6 6. Bxf6 exf6 7. exd5 cxd5 8.
Be2 Be6 9. Bf3 Nc6 10. Nge2 Qd6 11. O-O Bg7 12. Re1 O-O 13. Na4 f5 14. c3 Rfd8
15. Qd2 Bf8 16. Nc5 Bc8 17. Nd3 b6 18. Qf4 Qf6 19. Qd2 Qd6 20. Qc2 Bb7 21. g3
Bh6 22. Nef4 Ne7 23. Re5 Bg7 24. Re2 a5 25. Rae1 Bf6 26. Re3 Ba6 27. h4 Bxd3
28. Nxd3 Rac8 29. Qe2 Rc7 30. Qd2 h5 31. Qd1 Kg7 32. Bg2 Rcd7 33. Nf4 Qc7 34.
Qe2 Qd6 35. Qd1 Rh8 36. Nd3 f4 37. Nxf4 Nf5 38. Rf3 Bxh4 39. gxh4 Nxh4 40. Nd3
Nxf3+ 41. Qxf3 h4 42. Re5 Re7 43. Qe3 Rhe8 44. Qf4 f6 45. Rxe7+ Qxe7 46. Qxh4
Qe2 47. Bf1 Qd1 48. Qg3 Re4 49. f3 Re3 50. Qc7+ Kg8 51. Qd8+ Kg7 52. Qd7+ Kh6
53. Qh3+ Kg7 54. Nf2 Qc1 55. Qd7+ Kf8 56. Qd8+  1/2-1/2

[Event "2. Bundesliga West 2019/20"]
[Site "Festsaal Marktplatz 3, 5620 Schwarzach"]
[Date "2020.01.17"]
[Round "6"]
[Board "1"]
[White "Krstic, Uros"]
[Black "Hoefelsauer, Thomas"]
[Result "0-1"]
[WhiteElo "2354"]
[BlackElo "2365"]
[PlyCount "90"]
[EventDate "2019.10.04"]
[EventType "team"]
[EventRounds "11"]
[EventCountry "AUT"]
[WhiteTeam "Schwarzach"]
[BlackTeam "Wolfurt"]

1. e4 c6 2. d4 d5 3. Nd2 dxe4 4. Nxe4 Bf5 5. Ng3 Bg6 6. h4 h6 7. Nf3 Nd7 8. h5
Bh7 9. Bd3 Bxd3 10. Qxd3 e6 11. Bd2 Ngf6 12. O-O-O Be7 13. Kb1 Qb6 14. Ne4 Rd8
15. c4 c5 16. Bc3 O-O 17. Nxf6+ Bxf6 18. g4 Ne5 19. Nxe5 Bxe5 20. d5 Bxc3 21.
Qxc3 exd5 22. cxd5 Qd6 23. Qd3 a6 24. Rhe1 b5 25. Qf5 Rfe8 26. Re3 c4 27. a3 a5
28. Rf3 Rd7 29. Qf4 Re5 30. Re3 Rxd5 31. Re8+ Kh7 32. Qe4+ f5 33. Rxd5 Qxd5 34.
Rh8+ Kxh8 35. Qe8+ Qg8 36. Qxd7 b4 37. Qxf5 b3 38. Qxa5 Qe6 39. Kc1 Qxg4 40.
Qc5 Qe4 41. Kd2 Qd3+ 42. Ke1 Qb1+ 43. Ke2 Qxb2+ 44. Ke3 Qc1+ 45. Kf3 Qc2  0-1

[Event "2. Bundesliga West 2019/20"]
[Site "Festsaal Marktplatz 3, 5620 Schwarzach"]
[Date "2020.01.17"]
[Round "6"]
[Board "3"]
[White "Brumen, Dinko"]
[Black "Janko, Ladislav"]
[Result "1-0"]
[WhiteElo "2317"]
[BlackElo "2184"]
[PlyCount "51"]
[EventDate "2019.10.04"]
[EventType "team"]
[EventRounds "11"]
[EventCountry "AUT"]
[WhiteTeam "Schwarzach"]
[BlackTeam "Wolfurt"]

1. d4 g6 2. Nf3 Bg7 3. Bf4 c5 4. e3 cxd4 5. exd4 d5 6. c3 Nc6 7. Nbd2 Nh6 8.
Bd3 Nf5 9. Qe2 Nd6 10. Ne5 f6 11. Nxc6 bxc6 12. h4 Nf7 13. O-O-O O-O 14. h5 g5
15. h6 Bxh6 16. Be3 e5 17. f3 Qe7 18. Qf2 f5 19. dxe5 Nxe5 20. Bc2 Qe6 21. Rde1
Re8 22. Qg3 Nf7 23. Bxg5 Qxe1+ 24. Rxe1 Rxe1+ 25. Qxe1 Bxg5 26. Qe8+  1-0

[Event "2. Bundesliga West 2019/20"]
[Site "Festsaal Marktplatz 3, 5620 Schwarzach"]
[Date "2020.01.17"]
[Round "6"]
[Board "4"]
[White "Bischofberger, Dario"]
[Black "Ruecker, Benjamin"]
[Result "1/2-1/2"]
[WhiteElo "2152"]
[BlackElo "2238"]
[PlyCount "32"]
[EventDate "2019.10.04"]
[EventType "team"]
[EventRounds "11"]
[EventCountry "AUT"]
[WhiteTeam "Wolfurt"]
[BlackTeam "Schwarzach"]

1. d4 Nf6 2. c4 g6 3. g3 c6 4. Bg2 d5 5. Qa4 Bg7 6. cxd5 O-O 7. dxc6 Nxc6 8.
Nf3 Nd5 9. O-O Nb6 10. Qd1 Nxd4 11. Kh1 Kh8 12. Kg1 Kg8 13. Kh1 Kh8 14. Kg1 Kg8
15. Kh1 Kh8 16. Kg1 Kg8  1/2-1/2

[Event "2. Bundesliga West 2019/20"]
[Site "Festsaal Marktplatz 3, 5620 Schwarzach"]
[Date "2020.01.17"]
[Round "6"]
[Board "5"]
[White "Ljubic, Juro"]
[Black "Kalcher, Mathias"]
[Result "1-0"]
[WhiteElo "2162"]
[BlackElo "2138"]
[PlyCount "114"]
[EventDate "2019.10.04"]
[EventType "team"]
[EventRounds "11"]
[EventCountry "AUT"]
[WhiteTeam "Schwarzach"]
[BlackTeam "Wolfurt"]

1. e4 c5 2. Nc3 a6 3. g3 b5 4. Bg2 Bb7 5. Nge2 Nf6 6. Nd5 Nxd5 7. exd5 e6 8.
O-O Bxd5 9. Bxd5 exd5 10. d4 c4 11. Nf4 Be7 12. Nxd5 O-O 13. Bf4 Nc6 14. Re1 d6
15. Qg4 Bf6 16. c3 Rc8 17. Qf5 Be7 18. Re2 g6 19. Qe4 Bg5 20. h4 Bxf4 21. Qxf4
Kg7 22. Rae1 h6 23. Re4 Rb8 24. h5 Rb7 25. hxg6 fxg6 26. Qg4 Qg5 27. Qe6 Qf5
28. Rf4 Qxe6 29. Rxe6 Rxf4 30. Nxf4 Ne7 31. Rxd6 a5 32. Ra6 a4 33. Ne6+ Kg8 34.
Ra8+ Kh7 35. Nc5 Rc7 36. Rb8 Nc8 37. Rxb5 a3 38. bxa3 Ra7 39. a4 Nd6 40. Rb6
Nf5 41. Rb7+ Rxb7 42. Nxb7 Ne7 43. a5 Kg7 44. a6 Nc8 45. Na5 Kf7 46. Nxc4 Ke6
47. Ne5 Kd5 48. f3 Kd6 49. Nxg6 Kc7 50. Kf2 Kb6 51. Ke3 Kxa6 52. c4 Nd6 53. Kd3
Kb7 54. g4 Kc7 55. a4 Nf7 56. f4 Nd6 57. Ne5 Ne8  1-0

[Event "2. Bundesliga West 2019/20"]
[Site "Festsaal Marktplatz 3, 5620 Schwarzach"]
[Date "2020.01.17"]
[Round "6"]
[Board "6"]
[White "Bahl, Felix"]
[Black "Stoeckl, Norbert"]
[Result "1-0"]
[WhiteElo "2009"]
[BlackElo "2054"]
[PlyCount "81"]
[EventDate "2019.10.04"]
[EventType "team"]
[EventRounds "11"]
[EventCountry "AUT"]
[WhiteTeam "Wolfurt"]
[BlackTeam "Schwarzach"]

1. d4 Nf6 2. c4 g6 3. Nf3 Bg7 4. g3 O-O 5. Bg2 d6 6. O-O Ne4 7. Nbd2 Nxd2 8.
Bxd2 c5 9. Bc3 Nc6 10. h3 Bf5 11. Qd2 Qc7 12. d5 Bxc3 13. Qxc3 Na5 14. Nh4 Bd7
15. e4 b5 16. cxb5 Bxb5 17. Rfe1 Rac8 18. f4 c4 19. Nf3 Nb7 20. a4 Bd7 21. a5
Bb5 22. Nd4 a6 23. h4 Nc5 24. h5 Nd3 25. hxg6 hxg6 26. Re3 Qa7 27. Kh2 Rce8 28.
Bh3 Nf2 29. f5 Nxh3 30. Kxh3 Bd7 31. g4 g5 32. Kg2 f6 33. Rh3 Kg7 34. Nf3 Rh8
35. Nxg5 Qb7 36. Rah1 Qb3 37. Qc1 c3 38. bxc3 Rxh3 39. Rxh3 Rh8 40. Rxh8 Kxh8
41. Qh1+  1-0

[Event "2. Bundesliga West 2019/20"]
[Site "Festsaal Marktplatz 3, 5620 Schwarzach"]
[Date "2020.01.18"]
[Round "7"]
[Board "1"]
[White "Burschowsky, Matthias"]
[Black "Fedorovsky, Michael"]
[Result "1-0"]
[WhiteElo "2249"]
[BlackElo "2434"]
[PlyCount "87"]
[EventDate "2019.10.04"]
[EventType "team"]
[EventRounds "11"]
[EventCountry "AUT"]
[WhiteTeam "ASK Salzburg"]
[BlackTeam "Jenbach 2"]

1. c4 Nf6 2. g3 c6 3. Nf3 d5 4. b3 dxc4 5. bxc4 e5 6. Nc3 e4 7. Ng5 Bf5 8. Bg2
Bb4 9. Bb2 O-O 10. O-O Re8 11. Qb3 Ba5 12. Qxb7 Nbd7 13. Qb3 h6 14. Nh3 Rb8 15.
Qc2 Ne5 16. Rad1 Qc8 17. Nf4 g5 18. d3 gxf4 19. gxf4 exd3 20. exd3 Nxc4 21. Ba1
Nd6 22. Kh1 Kh7 23. Qa4 Qc7 24. Qd4 Re6 25. Ne4 Ndxe4 26. dxe4 c5 27. Qe3 Bxe4
28. Bxe4+ Nxe4 29. Rg1 f6 30. Bxf6 Nxf2+ 31. Qxf2 Qc6+ 32. Rg2 Rxf6 33. Qg3 Rf7
34. f5 Rc7 35. f6 Qxf6 36. Qd3+ Kh8 37. Rg6 c4 38. Qg3 Qb2 39. Rxh6+ Rh7 40.
Rxh7+ Kxh7 41. Rd7+ Kh6 42. Qf4+ Kg6 43. Qf7+ Kg5 44. Rd5+  1-0

[Event "2. Bundesliga West 2019/20"]
[Site "Festsaal Marktplatz 3, 5620 Schwarzach"]
[Date "2020.01.18"]
[Round "7"]
[Board "2"]
[White "Reich, Thomas"]
[Black "Besner, Bernhard"]
[Result "1/2-1/2"]
[WhiteElo "2376"]
[BlackElo "2155"]
[PlyCount "91"]
[EventDate "2019.10.04"]
[EventType "team"]
[EventRounds "11"]
[EventCountry "AUT"]
[WhiteTeam "Jenbach 2"]
[BlackTeam "ASK Salzburg"]

1. d4 d5 2. c4 e6 3. cxd5 exd5 4. Nc3 c5 5. Nf3 Nf6 6. Bg5 Be6 7. g3 Nc6 8. Bg2
c4 9. Ne5 Be7 10. O-O O-O 11. e3 Nd7 12. Bxe7 Nxe7 13. b3 Nxe5 14. dxe5 Qa5 15.
Qe1 Rad8 16. Ne2 Qc7 17. f4 Nf5 18. Qf2 Qb6 19. Nd4 a6 20. Rad1 Nxd4 21. Rxd4
g6 22. h3 cxb3 23. Qb2 Rc8 24. axb3 Rc4 25. Rf2 Rb4 26. Rxb4 Qxb4 27. Qd4 Qe1+
28. Bf1 Bxh3 29. Qd2 Qxd2 30. Rxd2 Be6 31. Bg2 Rc8 32. Bxd5 Bxd5 33. Rxd5 Rc3
34. Rd8+ Kg7 35. Rd7 Rxb3 36. e6 Rxe3 37. Rxf7+ Kg8 38. Rxb7 Rxe6 39. Kf2 Rf6
40. Ra7 g5 41. Ke3 gxf4+ 42. gxf4 h5 43. Kf3 Rg6 44. f5 Rg5 45. Rxa6 Rxf5+ 46.
Kg3  1/2-1/2

[Event "2. Bundesliga West 2019/20"]
[Site "Festsaal Marktplatz 3, 5620 Schwarzach"]
[Date "2020.01.18"]
[Round "7"]
[Board "3"]
[White "Juergens, Klaus"]
[Black "Pali, Philipp"]
[Result "1/2-1/2"]
[WhiteElo "2121"]
[BlackElo "2249"]
[PlyCount "30"]
[EventDate "2019.10.04"]
[EventType "team"]
[EventRounds "11"]
[EventCountry "AUT"]
[WhiteTeam "ASK Salzburg"]
[BlackTeam "Jenbach 2"]

1. Nf3 d5 2. c4 c6 3. g3 dxc4 4. a4 Nf6 5. Na3 Be6 6. e3 g6 7. Nxc4 Bg7 8. d4
Na6 9. Bd2 O-O 10. b4 Qd5 11. Nce5 Ng4 12. Bc4 Qe4 13. Bd3 Qd5 14. Bc4 Qe4 15.
Bd3 Qd5  1/2-1/2

[Event "2. Bundesliga West 2019/20"]
[Site "Festsaal Marktplatz 3, 5620 Schwarzach"]
[Date "2020.01.18"]
[Round "7"]
[Board "4"]
[White "Micheli, Carlo"]
[Black "Scheiblmaier, Robert"]
[Result "1/2-1/2"]
[WhiteElo "2212"]
[BlackElo "2177"]
[PlyCount "74"]
[EventDate "2019.10.04"]
[EventType "team"]
[EventRounds "11"]
[EventCountry "AUT"]
[WhiteTeam "Jenbach 2"]
[BlackTeam "ASK Salzburg"]

1. c4 e6 2. Nf3 d5 3. e3 Nf6 4. b3 c5 5. Bb2 Be7 6. Be2 O-O 7. O-O Nc6 8. cxd5
exd5 9. d4 Bg4 10. dxc5 Bxc5 11. Nc3 a6 12. Rc1 Ba7 13. Na4 Ne4 14. Nd4 Bxe2
15. Nxe2 Qd6 16. Nd4 Rfd8 17. Nxc6 bxc6 18. Qg4 f6 19. Rfd1 Re8 20. Bd4 c5 21.
Bb2 Rad8 22. Ba3 f5 23. Qe2 Rc8 24. Qd3 Red8 25. f3 Bb8 26. g3 Nxg3 27. Rc2 Ba7
28. hxg3 Qxg3+ 29. Rg2 Qxf3 30. Rf1 Qe4 31. Qc3 d4 32. Qc4+ Kh8 33. Qf7 Qxe3+
34. Rff2 Qe1+ 35. Rf1 Qe3+ 36. Kh1 Qh3+ 37. Kg1 Qe3+  1/2-1/2

[Event "2. Bundesliga West 2019/20"]
[Site "Festsaal Marktplatz 3, 5620 Schwarzach"]
[Date "2020.01.18"]
[Round "7"]
[Board "5"]
[White "Herrmann, Michael"]
[Black "Hoellrigl, Wilfried"]
[Result "1-0"]
[WhiteElo "2123"]
[BlackElo "2216"]
[PlyCount "61"]
[EventDate "2019.10.04"]
[EventType "team"]
[EventRounds "11"]
[EventCountry "AUT"]
[WhiteTeam "ASK Salzburg"]
[BlackTeam "Jenbach 2"]

1. c4 g6 2. g3 Bg7 3. Bg2 e5 4. Nc3 Nc6 5. e4 d6 6. Nge2 Nge7 7. d3 O-O 8. O-O
Be6 9. Nd5 Qd7 10. Bh6 f5 11. Bxg7 Kxg7 12. f4 fxe4 13. dxe4 Bg4 14. Bf3 Bxf3
15. Rxf3 Rae8 16. Kg2 Nd8 17. Qd2 c6 18. Ne3 exf4 19. gxf4 Qe6 20. Ng3 h5 21.
Raf1 Ng8 22. f5 Qe5 23. fxg6 Rxf3 24. Rxf3 Rf8 25. Nef5+ Kxg6 26. Nh4+ Kg7 27.
Ngf5+ Kh7 28. Qg5 Nf7 29. Qg6+ Kh8 30. Qxh5+ Ngh6 31. Ng6+  1-0

[Event "2. Bundesliga West 2019/20"]
[Site "Festsaal Marktplatz 3, 5620 Schwarzach"]
[Date "2020.01.18"]
[Round "7"]
[Board "6"]
[White "Wischounig, Laurin"]
[Black "Wollrab, Richard"]
[Result "0-1"]
[WhiteElo "1938"]
[BlackElo "2107"]
[PlyCount "92"]
[EventDate "2019.10.04"]
[EventType "team"]
[EventRounds "11"]
[EventCountry "AUT"]
[WhiteTeam "Jenbach 2"]
[BlackTeam "ASK Salzburg"]

1. d4 Nf6 2. c4 c5 3. d5 b5 4. cxb5 a6 5. bxa6 Bxa6 6. Nc3 g6 7. e4 Bxf1 8.
Kxf1 d6 9. Nf3 Bg7 10. g3 O-O 11. Kg2 Nbd7 12. a4 Qa5 13. Ra3 Rfb8 14. Qc2 Nb6
15. b3 Qb4 16. Bb2 Nc4 17. bxc4 Qxb2 18. Qxb2 Rxb2 19. Rb1 Rxb1 20. Nxb1 Nxe4
21. Re3 f5 22. Ra3 Kf7 23. Nbd2 Nxd2 24. Nxd2 e6 25. dxe6+ Kxe6 26. Kf3 d5 27.
Ke3 Bd4+ 28. Ke2 Kd6 29. f3 Re8+ 30. Kd1 Bg1 31. Rd3 d4 32. h3 Bf2 33. g4 Re1+
34. Kc2 Ra1 35. Rb3 Ra2+ 36. Kd3 Rxa4 37. Rb7 Be3 38. Nf1 Ra3+ 39. Ke2 Ra2+ 40.
Kd3 Ra3+ 41. Ke2 Ra2+ 42. Kd3 Rf2 43. Nxe3 Rxf3 44. Rb6+ Kc7 45. Ra6 Rxe3+ 46.
Kd2 Rxh3  0-1

[Event "2. Bundesliga West 2019/20"]
[Site "Festsaal Marktplatz 3, 5620 Schwarzach"]
[Date "2020.01.18"]
[Round "7"]
[Board "1"]
[White "Barseghyan, Harutyun"]
[Black "Barp, Alberto"]
[Result "1-0"]
[WhiteElo "2500"]
[BlackElo "2396"]
[PlyCount "62"]
[EventDate "2019.10.04"]
[EventType "team"]
[EventRounds "11"]
[EventCountry "AUT"]
[WhiteTeam "Sparkasse Neumarkt"]
[BlackTeam "Kufstein/Woergl"]

1. d4 d5 2. c4 e6 3. Nf3 Nf6 4. g3 dxc4 5. Bg2 c5 6. O-O Nc6 7. dxc5 Qxd1 8.
Rxd1 Bxc5 9. Nfd2 Na5 10. Na3 Bxa3 11. bxa3 Bd7 12. Bb2 Rc8 13. Bc3 b6 14. Rdc1
Rc7 15. Rab1 O-O 16. Bxa5 bxa5 17. Nxc4 g6 18. Nxa5 Rfc8 19. Nb3 Rc2 20. Bb7
R8c7 21. Ba6 Be8 22. Rxc2 Rxc2 23. Rd1 Ba4 24. Rd4 Bc6 25. Rc4 Rxc4 26. Bxc4
Nd7 27. Bd3 e5 28. f4 f6 29. Kf2 Kf7 30. fxe5 fxe5 31. Ke3 Kf6  1-0

[Event "2. Bundesliga West 2019/20"]
[Site "Festsaal Marktplatz 3, 5620 Schwarzach"]
[Date "2020.01.18"]
[Round "7"]
[Board "2"]
[White "Seresin, Francesco"]
[Black "Farkas, Richard"]
[Result "1-0"]
[WhiteElo "2362"]
[BlackElo "2280"]
[PlyCount "89"]
[EventDate "2019.10.04"]
[EventType "team"]
[EventRounds "11"]
[EventCountry "AUT"]
[WhiteTeam "Kufstein/Woergl"]
[BlackTeam "Sparkasse Neumarkt"]

1. c4 c5 2. Nf3 Nc6 3. d4 cxd4 4. Nxd4 g6 5. e4 Bg7 6. Be3 Nf6 7. Nc3 O-O 8.
Be2 d6 9. O-O Bd7 10. h3 Nxd4 11. Bxd4 Bc6 12. Qc2 Qa5 13. a3 Rfc8 14. b4 Qd8
15. Rad1 Qe8 16. Rfe1 b6 17. Bf3 Nd7 18. Bxg7 Kxg7 19. Bg4 h5 20. Bxd7 Bxd7 21.
Nd5 f6 22. Qd3 Be6 23. f4 Bxd5 24. exd5 Rc7 25. Re6 Qf7 26. Rde1 Rd8 27. R1e3
h4 28. Qe2 Kf8 29. Qe1 Rdd7 30. Qxh4 Rxc4 31. Qh6+ Qg7 32. Qxg7+ Kxg7 33. Rxe7+
Rxe7 34. Rxe7+ Kf8 35. Rxa7 Rd4 36. Rb7 Rxd5 37. Rxb6 Ke7 38. a4 Rd4 39. a5 Kd7
40. a6 Kc7 41. Rb7+ Kc8 42. b5 Ra4 43. Rf7 Kb8 44. Rxf6 Rb4 45. Rxd6  1-0

[Event "2. Bundesliga West 2019/20"]
[Site "Festsaal Marktplatz 3, 5620 Schwarzach"]
[Date "2020.01.18"]
[Round "7"]
[Board "3"]
[White "Burrer, Fabian"]
[Black "Bertagnolli, Alexander"]
[Result "0-1"]
[WhiteElo "2123"]
[BlackElo "2346"]
[PlyCount "70"]
[EventDate "2019.10.04"]
[EventType "team"]
[EventRounds "11"]
[EventCountry "AUT"]
[WhiteTeam "Sparkasse Neumarkt"]
[BlackTeam "Kufstein/Woergl"]

1. e4 c5 2. Nc3 e6 3. Bc4 Nc6 4. f4 a6 5. a4 Nf6 6. e5 d5 7. exd6 Bxd6 8. d3
Qc7 9. Nge2 b6 10. O-O Bb7 11. Qe1 O-O-O 12. Qh4 Ne7 13. Ne4 Qc6 14. N2c3 Bc7
15. Qh3 Nf5 16. Ng5 Rd7 17. Rf2 h5 18. Qf3 Nd5 19. Ne2 f6 20. Ne4 h4 21. Qh3 b5
22. axb5 axb5 23. Bxd5 Qxd5 24. b4 cxb4 25. Be3 Qc6 26. Bc5 Bb6 27. Bxb6 Qxb6
28. g4 hxg3 29. Qxh8+ Rd8 30. Qxd8+ Kxd8 31. hxg3 Ne3 32. Rb1 Ng4 33. Rxb4 Bxe4
34. Rd4+ Ke7 35. dxe4 Nxf2  0-1

[Event "2. Bundesliga West 2019/20"]
[Site "Festsaal Marktplatz 3, 5620 Schwarzach"]
[Date "2020.01.18"]
[Round "7"]
[Board "4"]
[White "Koepke, Christian"]
[Black "Egger, Martin"]
[Result "1-0"]
[WhiteElo "2332"]
[BlackElo "2007"]
[PlyCount "72"]
[EventDate "2019.10.04"]
[EventType "team"]
[EventRounds "11"]
[EventCountry "AUT"]
[WhiteTeam "Kufstein/Woergl"]
[BlackTeam "Sparkasse Neumarkt"]

1. b3 d5 2. Nf3 Nf6 3. Bb2 Bg4 4. e3 g6 5. c4 c6 6. Be2 Bxf3 7. Bxf3 Bg7 8. O-O
O-O 9. d4 e6 10. Nd2 Qe7 11. Be2 Rd8 12. Qc2 Ne8 13. Nf3 Nd7 14. a4 f5 15. Ba3
Qf6 16. b4 g5 17. b5 h5 18. bxc6 bxc6 19. Bb2 g4 20. Ne5 Nxe5 21. dxe5 Qg5 22.
cxd5 cxd5 23. Qc6 Nd6 24. Bd4 Rac8 25. Qa6 Nf7 26. Qxe6 Bxe5 27. Bxe5 Re8 28.
Qxd5 Rxe5 29. Qb7 Rc2 30. Bd3 Rc3 31. Rad1 f4 32. Qb4 Rxd3 33. Rxd3 f3 34. Qf4
Qe7 35. Rfd1 fxg2 36. Rd7 Qe6  1-0

[Event "2. Bundesliga West 2019/20"]
[Site "Festsaal Marktplatz 3, 5620 Schwarzach"]
[Date "2020.01.18"]
[Round "7"]
[Board "5"]
[White "Donegani, Peter"]
[Black "Rusche, Johannes"]
[Result "1/2-1/2"]
[WhiteElo "2082"]
[BlackElo "2284"]
[PlyCount "68"]
[EventDate "2019.10.04"]
[EventType "team"]
[EventRounds "11"]
[EventCountry "AUT"]
[WhiteTeam "Sparkasse Neumarkt"]
[BlackTeam "Kufstein/Woergl"]

1. e4 e5 2. Nf3 Nc6 3. d4 exd4 4. Nxd4 Nf6 5. Nxc6 bxc6 6. e5 Qe7 7. Qe2 Nd5 8.
h4 a5 9. g3 Ba6 10. c4 Nb6 11. b3 O-O-O 12. Bh3 Re8 13. f4 f6 14. Ba3 Qf7 15.
Bxf8 Qxf8 16. Nd2 fxe5 17. fxe5 Qc5 18. Nf3 Kb8 19. Qf2 Qb4+ 20. Qd2 Qxd2+ 21.
Kxd2 c5 22. Rhe1 Rhf8 23. Re3 h6 24. Rf1 Bb7 25. Ne1 Rxf1 26. Bxf1 Bc6 27. Nd3
d6 28. exd6 cxd6 29. Rxe8+ Bxe8 30. Nf4 Nd7 31. Bd3 Ne5 32. Be4 g6 33. Ke3 Ng4+
34. Kd3 Ne5+  1/2-1/2

[Event "2. Bundesliga West 2019/20"]
[Site "Festsaal Marktplatz 3, 5620 Schwarzach"]
[Date "2020.01.18"]
[Round "7"]
[Board "6"]
[White "Neuschmied, Siegfried"]
[Black "Preundler, Stefan"]
[Result "1-0"]
[WhiteElo "2268"]
[BlackElo "1929"]
[PlyCount "51"]
[EventDate "2019.10.04"]
[EventType "team"]
[EventRounds "11"]
[EventCountry "AUT"]
[WhiteTeam "Kufstein/Woergl"]
[BlackTeam "Sparkasse Neumarkt"]

1. e4 c5 2. Nf3 d6 3. Bb5+ Nd7 4. O-O a6 5. Bd3 Ngf6 6. Re1 b5 7. c4 bxc4 8.
Bxc4 e6 9. d4 cxd4 10. Nxd4 Bb7 11. Nc3 Be7 12. Bxe6 fxe6 13. Nxe6 Qb6 14. Be3
Qxb2 15. Bd4 Rb8 16. Nxg7+ Kf7 17. Nf5 Qa3 18. Qf3 h5 19. Nxe7 Ne5 20. Bxe5
dxe5 21. Nf5 Rbc8 22. Re3 Rc6 23. Rae1 Rhc8 24. Nd5 Rc1 25. Nh6+ Ke8 26. Nxf6+
 1-0

[Event "2. Bundesliga West 2019/20"]
[Site "Festsaal Marktplatz 3, 5620 Schwarzach"]
[Date "2020.01.18"]
[Round "7"]
[Board "1"]
[White "Srienz, Christian"]
[Black "Paltrinieri, Nicholas"]
[Result "0-1"]
[WhiteElo "2177"]
[BlackElo "2323"]
[PlyCount "96"]
[EventDate "2019.10.04"]
[EventType "team"]
[EventRounds "11"]
[EventCountry "AUT"]
[WhiteTeam "SK Hoerbranz"]
[BlackTeam "Rochade/Rum"]

1. c4 f5 2. Nc3 Nf6 3. g3 d6 4. Bg2 e5 5. d4 Be7 6. dxe5 dxe5 7. Qxd8+ Bxd8 8.
b3 O-O 9. Bb2 c6 10. Nf3 Nbd7 11. O-O e4 12. Nd4 Ne5 13. f3 exf3 14. exf3 Nd3
15. Ba3 Bb6 16. Nce2 Rd8 17. c5 Bxc5 18. Bxc5 Nxc5 19. Rac1 Nd3 20. Rc3 Nb4 21.
a3 Nbd5 22. Rd3 Re8 23. Kf2 Bd7 24. Rc1 Re7 25. Nc3 Nxc3 26. Rcxc3 Nd5 27. Rc2
f4 28. Re2 Rae8 29. Rxe7 Rxe7 30. Bf1 Kf7 31. b4 Kf6 32. Ne2 Bf5 33. Rd4 fxg3+
34. Nxg3 g5 35. Nxf5 Kxf5 36. b5 Rc7 37. bxc6 bxc6 38. Bb5 Ke5 39. Re4+ Kd6 40.
Bc4 Re7 41. Rxe7 Nxe7 42. Bd3 h5 43. f4 gxf4 44. Be2 h4 45. Kf3 Ke5 46. Kg4 Nf5
47. Bd3 Ne3+ 48. Kxh4 c5  0-1